| 000 | 00565nam a2200193 a 4500 | ||
|---|---|---|---|
| 005 | 20240925070121.0 | ||
| 008 | 991125s1975 mx 000 0 spa u | ||
| 035 | _aUPN01000002875 | ||
| 049 | _aCG | ||
| 050 | 4 |
_aBF575 A3 _bF7.28 |
|
| 100 | 1 |
_aFromm, Erich, _d1900-1980 _928370 |
|
| 245 | 1 | 0 |
_aAnatomía de la destructividad humana / _cErich Fromm ; tr. Félix Blanco. |
| 260 |
_aMéxico : _bSiglo XXI, _c1975. |
||
| 300 | _a507 p. | ||
| 440 | 0 | _aPsicología y etología | |
| 650 | 4 |
_aAgresividad (Psicología) _92250 |
|
| 650 | 4 |
_aViolencia _97151 |
|
| 905 | _aLibro | ||
| 999 |
_c2875 _d2875 |
||